000 00708nam a2200193 a 4500
003 0
005 20250411104433.0
008 060802s19uu xx 00 eng d
050 _aPHS SB 191.M2
_b.T35 2006
100 _aTakagi, Jiro Whiting.
245 _aThe Effect of peanut-treated soil on the growth of corn (Zea mays) /
_cJiro Whiting Takagi.
260 _aLas PiƱas City, Philippines :
_bSouthville International School and Colleges,
_c2006.
300 _a25 pages :
_billustrations ;
_c28 cm.
504 _aIncludes bibliographical references.
650 _aCorn
_vEffect of soil treatment on.
650 _aPeanuts as soil amendments.
650 _aSoils
_vEffect of plants on.
942 _2lcc
_cPASS
999 _c97670
_d97670